1688 1486 1940 1043 1204 1715 1369 1106 1414 1930 1976 1525 1184 1672 1776 1744 1187 1512 1462 1171 1192 1880 1243 1147 1513 1952 1854 1676 1096 1101 1387 1334 1075 1703 1401 1204 1759 1154 1069 1660 1378 1071 1087 1270 1095 1055 1217 1058 1235 1830 1635 1230 1118 1396 1687 1771 1668 1297 1590 1940 1940 1169 1384 1449 1988 1256 1313 1016 1871 1620 1469 1623 1233 1893 1488 1509 1826 1584 1905 1830 1311 1515 1572 1056 1944 1000 1066 1550 1544 1122 1274 1460 1309 1310 1076 1106 1224 1012 1152 BCNSPRNW ULIB Ver.6.0+V

เปลี่ยนเป็นภาษาไทย

Change to English
 แสดงรายละเอียดบรรณานุกรม
  กลับหน้าหลัก

Brief Record : Get Marc (ISO 2709) : E-mail record : QR code < ปิดหน้าต่าง
LEADER : 00000nam 2200000uu 4500
001    13399114981
003     ULIB
008    120626s2546||||th 000 0 tha d
020    ^a9746058282
020    ^a9789746058285
050 04 ^aBF^bท461จ 2546
100 0  ^aทิพย์ภา เชษฐ์เชาวลิต
245 10 ^aจิตวิทยาพัฒนาการสำหรับพยาบาล /^cทิพย์ภา เชษฐ์เชาวลิต
250    ^aพิมพ์ครั้งที่ 3
260    ^aสงขลา :^bภาควิชาการพยาบาลจิตเวช คณะพยาบาลศาสตร์มหาวิทยาลัยสงขลานครินทร์,^c2546
300    ^aก-ฉ, 144 หน้า :^bภาพประกอบ ;^c26ซม.
650  7 ^aจิตวิทยาพัฒนาการ
650  7 ^aพยาบาล
710 2  ^aมหาวิทยาลัยสงขลานครินทร์. ^bคณะพยาบาลศาสตร์.^bภาควิชาการพยาบาลจิตเวช
945    ^p130^l0^i13419
945    ^p130^l0^i13425
995    ^aกัณชพร
999    ^aใช้งานได้ทุกระบบ
รายการนี้ยังไม่มีแท็ก
คุณยังไม่ได้ล็อกอิน คุณสามารถมีกิจกรรมร่วมกับเว็บไซต์ได้ แต่ต้องล็อกอินก่อน ::
  ล็อกอิน

รายการสื่อสารสนเทศ

ลำดับที่ ประเภท เลขเรียก/บาร์โค้ด สถานที่ สถานะ
- ไม่พบข้อมูล -

รายการใกล้เคียง
    ผู้แต่ง [ทิพย์ภา เชษฐ์เชาวลิต]

    หัวเรื่อง [จิตวิทยาพัฒนาการ]
    หัวเรื่อง [พยาบาล]

BibComment


ยังไม่เคยถูกคอมเมนท์

คอมเมนท์ทรัพยากรรายการนี้
  คอมเมนท์: จิตวิทยาพัฒนาการ..


 Copyright 2026. Bcnsprnw @Library